| 000 | 00907cab a2200193 4500 | ||
|---|---|---|---|
| 001 | ##L133590 | ||
| 008 | 060522n2006 000 0 eng u | ||
| 035 | _a(Sirsi) u133590 | ||
| 041 | 0 | _aeng | |
| 100 | 1 | _aMann, Will | |
| 245 | 0 | 0 | _aLow ambitions |
| 260 | _c2006 | ||
| 490 | 0 |
_aContract Journal _v433(6575) 17 May 2006, 52(1) |
|
| 520 | _aReports on the launch of Height Aware, a new HSE campaign to increase awareness of the dangers of falls from low heights, ie below head height. Such falls are particularly common in building maintenance, M and E, and fit out. The campaign will consist of a number of events, including safety awareness days and demonstrations of the safe use of equipment, combined with a crackdown on unsafe or illegal practices related to working at height on site. | ||
| 590 | _aIKA230506 | ||
| 651 | 4 |
_aUnited Kingdom _y |
|
| 690 |
_aHealth and safety _96244 |
||
| 942 | _n0 | ||
| 999 |
_c77096 _d77096 |
||